Guía de recursos didácticos (Record no. 15079)

MARC details
000 -LEADER
campo de control de longitud fija 01149nam a2200349 a 4500
003 - IDENTIFICADOR DE NÚMERO DE CONTROL
campo de control AR-BaBNM
005 - FECHA Y HORA DE LA ÚLTIMA TRANSACCIÓN
campo de control 20251128210341.0
008 - DATOS DE LONGITUD FIJA--INFORMACIÓN GENERAL
campo de control de longitud fija 082120s2002 ||||||||||||||000 | spa||
020 ## - NÚMERO INTERNACIONAL ESTÁNDAR DEL LIBRO
Número Internacional Estándar del Libro 84-369-2640-4
040 ## - FUENTE DE CATALOGACIÓN
Centro/agencia transcriptor AR-BaBNM
110 1# - ENTRADA PRINCIPAL--NOMBRE DE ENTIDAD CORPORATIVA
Nombre de entidad corporativa o nombre de jurisdicción como elemento de entrada España
Unidad subordinada Ministerio de Educación y Ciencia
245 00 - MENCIÓN DEL TÍTULO
Título Guía de recursos didácticos
Resto del título Educación Secundaria Obligatoria : ciencias de la naturaleza
260 ## - PUBLICACIÓN, DISTRIBUCIÓN, ETC.
Lugar de publicación, distribución, etc. Madrid
Nombre del editor, distribuidor, etc. España. Ministerio de Educación y Ciencia
Fecha de publicación, distribución, etc. [ca. 1995]
300 ## - DESCRIPCIÓN FÍSICA
Extensión 242 p.
Otros detalles físicos tablas
504 ## - NOTA DE BIBLIOGRAFÍA, ETC.
Nota de bibliografía, etc. Nota Contiene bibliografía p. 185-242
650 #4 - PUNTO DE ACCESO ADICIONAL DE MATERIA--TÉRMINO DE MATERIA
Término de materia o nombre geográfico como elemento de entrada METODOS DE ENSEÑANZA
650 #4 - PUNTO DE ACCESO ADICIONAL DE MATERIA--TÉRMINO DE MATERIA
Término de materia o nombre geográfico como elemento de entrada TECNICAS DIDACTICAS
651 #4 - PUNTO DE ACCESO ADICIONAL DE MATERIA--NOMBRE GEOGRÁFICO
Nombre geográfico España
653 ## - TÉRMINO DE INDIZACIÓN--NO CONTROLADO
Término no controlado ENSEÑANZA DE LAS CIENCIAS NATURALES
653 ## - TÉRMINO DE INDIZACIÓN--NO CONTROLADO
Término no controlado EDUCACION SECUNDARIA
653 ## - TÉRMINO DE INDIZACIÓN--NO CONTROLADO
Término no controlado CONTENIDOS CURRICULARES
653 ## - TÉRMINO DE INDIZACIÓN--NO CONTROLADO
Término no controlado GESTION CURRICULAR
700 1# - ENTRADA AGREGADA--NOMBRE PERSONAL
Nombre de persona Albaladejo Marcet, Carmen
700 1# - ENTRADA AGREGADA--NOMBRE PERSONAL
Nombre de persona Caamaño Ros, Aureli
700 1# - ENTRADA AGREGADA--NOMBRE PERSONAL
Nombre de persona Herrán Martínez, Carlos
700 1# - ENTRADA AGREGADA--NOMBRE PERSONAL
Nombre de persona Parrilla Parrilla, José Luis
700 1# - ENTRADA AGREGADA--NOMBRE PERSONAL
Nombre de persona Sanmartí Puig, Neus
700 1# - ENTRADA AGREGADA--NOMBRE PERSONAL
Nombre de persona Bacas Leal, Pilar
Término indicativo de función/relación coordinador
700 1# - ENTRADA AGREGADA--NOMBRE PERSONAL
Nombre de persona Soler Gracia, Miguel
Término indicativo de función/relación prologuista
942 ## - ELEMENTOS DE ENTRADA SECUNDARIOS (KOHA)
Tipo de ítem Koha Libros
998 ## - INFORMACIÓN DE CONTROL LOCAL (RLIN)
Iniciales del catalogador, CIN (RLIN) Raquel
Holdings
Estatus retirado Estado de pérdida Fuente de la clasificación o esquema de estantería Estado de daño Restricciones de uso No para préstamo Biblioteca de origen Biblioteca actual Fecha de adquisición Total de préstamos Signatura topográfica completa Código de barras Visto por última vez Precio de reemplazo Tipo de ítem Koha
    Clasificación Decimal Dewey   Acceso restringido No para préstamo Liberty Liberty 28/11/2025   372.85 ALB 120822 28/11/2025 28/11/2025 Libros